Welcome to CU Library Online Public Access Catalogue (OPAC)

THE HISTORICAL RELIABILITY OF THE GOSPELS (Record no. 6990)

MARC details
000 -LEADER
fixed length control field 00389nam a22001457a 4500
005 - DATE AND TIME OF LATEST TRANSACTION
control field 20250716091459.0
008 - FIXED-LENGTH DATA ELEMENTS--GENERAL INFORMATION
fixed length control field 250716b |||||||| |||| 00| 0 eng d
020 ## - INTERNATIONAL STANDARD BOOK NUMBER
International Standard Book Number 9780877849926
050 ## - LIBRARY OF CONGRESS CALL NUMBER
Classification number BS2555
Item number .5 BLO
100 ## - MAIN ENTRY--PERSONAL NAME
Personal name BLOMBERG CRAIG
245 ## - TITLE STATEMENT
Title THE HISTORICAL RELIABILITY OF THE GOSPELS
260 ## - PUBLICATION, DISTRIBUTION, ETC.
Place of publication, distribution, etc. LEICESTER
Name of publisher, distributor, etc. INTERVASITY PRESS
Date of publication, distribution, etc. c1987
300 ## - PHYSICAL DESCRIPTION
Extent xx, 268p
942 ## - ADDED ENTRY ELEMENTS (KOHA)
Source of classification or shelving scheme Library of Congress Classification
Koha item type Books
Suppress in OPAC No
999 ## -
-- 6990
-- 6990
Holdings
Withdrawn status Lost status Source of classification or shelving scheme Damaged status Not for loan Collection Home library Current library Shelving location Date acquired Total checkouts Full call number Barcode Date last seen Copy number Price effective from Koha item type
    Library of Congress Classification     Non-fiction Undergraduate Library (Christ Temple) Undergraduate Library (Christ Temple) General stacks 07/16/2025   BS2555.5 BLO ulct00003880 07/16/2025 1 07/16/2025 Books
© 2023-2024 Copyright: Central University Libraries. All Rights Reserved | Created by: Mahone Tech Office